000
00234nam a2200097Ia 4500
005
20251222114411.0
008
251222s1900||||xx |||||||||||||| ||spa||
082
_a
DVD0192/U61E/2004/T.5
245
0
_a
Seminario de Educación:
942
_c
DVD
999
_c
2036
_d
2036